Welcome to CU Library Online Public Access Catalogue (OPAC)

Life, the science of biology / (Record no. 2023)

MARC details
000 -LEADER
fixed length control field 00746cam a22002054a 4500
001 - CONTROL NUMBER
control field 13367083
005 - DATE AND TIME OF LATEST TRANSACTION
control field 20241209172618.0
008 - FIXED-LENGTH DATA ELEMENTS--GENERAL INFORMATION
fixed length control field 031008s2004 mauab 001 0 eng
020 ## - INTERNATIONAL STANDARD BOOK NUMBER
International Standard Book Number 9780716798569
050 00 - LIBRARY OF CONGRESS CALL NUMBER
Classification number QH308.2
Item number .L565 2004
082 00 - DEWEY DECIMAL CLASSIFICATION NUMBER
Classification number 570
Edition information 22
245 00 - TITLE STATEMENT
Title Life, the science of biology /
Statement of responsibility, etc. William K. Purves ... [et al.].
250 ## - EDITION STATEMENT
Edition statement 7th ed.
260 ## - PUBLICATION, DISTRIBUTION, ETC.
Place of publication, distribution, etc. Sunderland, Mass. :
Name of publisher, distributor, etc. Sinauer Associates ;
Place of publication, distribution, etc. Gordonsville, VA :
Name of publisher, distributor, etc. W.H. Freeman and Co.,
Date of publication, distribution, etc. c2004.
300 ## - PHYSICAL DESCRIPTION
Extent 1 v. (various paging) :
Other physical details col. ill., col. maps ;
Dimensions 29 cm.
650 #0 - SUBJECT ADDED ENTRY--TOPICAL TERM
Topical term or geographic name entry element Biology.
700 1# - ADDED ENTRY--PERSONAL NAME
Personal name Purves, William K.
Fuller form of name (William Kirkwood),
Dates associated with a name 1934-
856 41 - ELECTRONIC LOCATION AND ACCESS
Materials specified Table of contents
Uniform Resource Identifier <a href="http://www.loc.gov/catdir/toc/ecip0410/2003022294.html">http://www.loc.gov/catdir/toc/ecip0410/2003022294.html</a>
942 ## - ADDED ENTRY ELEMENTS (KOHA)
Source of classification or shelving scheme Library of Congress Classification
Koha item type Books
Edition 7th ed.
Suppress in OPAC No
999 ## -
-- 2023
-- 2023
Holdings
Withdrawn status Lost status Source of classification or shelving scheme Damaged status Not for loan Collection Home library Current library Shelving location Date acquired Total checkouts Full call number Barcode Date last seen Copy number Price effective from Koha item type
    Library of Congress Classification     Non-fiction Science Library (Miotso) Science Library (Miotso) General stacks 12/09/2024   QH308.2 .L565 LIF SLM00001209 12/09/2024 1 12/09/2024 Books
© 2023-2024 Copyright: Central University Libraries. All Rights Reserved | Created by: Mahone Tech Office